Countries With Straight-Line Borders - Statistics

General Stats
  • This quiz has been taken 79 times
  • The average score is 41 of 56
Answer Stats
Country % Correct
Canada
93%
United States
93%
Egypt
90%
Chad
88%
Algeria
86%
Mexico
86%
Niger
86%
Sudan
86%
Mali
84%
Libya
82%
Saudi Arabia
82%
Democratic Republic Of The Congo
81%
Mauritania
81%
Chile
79%
Guatemala
79%
Iraq
79%
Morocco
79%
Namibia
79%
Angola
78%
Belize
78%
Oman
78%
Russia
78%
Yemen
78%
Israel
77%
Argentina
75%
Jordan
75%
Iran
73%
Kazakhstan
73%
Kenya
73%
Brazil
71%
Colombia
71%
Syria
71%
Tanzania
71%
Uzbekistan
71%
Turkmenistan
70%
United Arab Emirates
70%
Ethiopia
68%
Zambia
68%
Kuwait
67%
Peru
67%
Somalia
67%
South Africa
67%
Botswana
66%
France
66%
Cameroon
64%
Paraguay
64%
Bolivia
63%
Uganda
63%
Ecuador
62%
Poland
62%
Gabon
60%
Equatorial Guinea
56%
Nicaragua
56%
Costa Rica
52%
Germany
52%
Netherlands
34%
No matching quizzes found
Score Distribution
Percent of People with Each Score
Percentile by Number Answered
Your Score History
You have not taken this quiz